Poesías, teatro / (Record no. 113799)

MARC details
000 -LEADER
campo de control de longitud fija 00765nam a2200229 i 4500
001 - NÚMERO DE CONTROL
campo de control 113799
003 - IDENTIFICADOR DE NÚMERO DE CONTROL
campo de control ES-MaACL
005 - FECHA Y HORA DE LA ÚLTIMA TRANSACCIÓN
campo de control 20250701063142.0
007 - CAMPO FIJO DE DESCRIPCIÓN FÍSICA--INFORMACIÓN GENERAL
campo de control de longitud fija t|
008 - DATOS DE LONGITUD FIJA--INFORMACIÓN GENERAL
campo de control de longitud fija 061121s1905 sp r ||||1| spa d
080 ## - NÚMERO DE LA CLASIFICACIÓN DECIMAL UNIVERSAL
Número de la Clasificación Decimal Universal 821.134.2-14"18"
080 ## - NÚMERO DE LA CLASIFICACIÓN DECIMAL UNIVERSAL
Número de la Clasificación Decimal Universal 821.134.2-23"18"
100 1# - ENTRADA PRINCIPAL--NOMBRE DE PERSONA
Nombre de persona Nombela, Julio,
Fechas asociadas al nombre 1836-1919
9 (RLIN) 85930
245 10 - MENCIÓN DEL TÍTULO
Título Poesías, teatro /
Mención de responsabilidad, etc. Julio Nombela.
260 ## - PUBLICACIÓN, DISTRIBUCIÓN, ETC.
Lugar de publicación, distribución, etc. Madrid :
Nombre del editor, distribuidor, etc. [s.n.],
Fecha de publicación, distribución, etc. 1905 (
Fabricante Administración de "La Ultima Moda")
300 ## - DESCRIPCIÓN FÍSICA
Extensión 323 p. ;
Dimensiones 19 cm.
490 1# - MENCIÓN DE SERIE
Mención de serie Obras literarias de Julio Nombela ;
Designación de volumen o secuencia 1
505 8# - NOTA DE CONTENIDO CON FORMATO
Nota de contenido con formato Contiene las obras de teatro: Pez en el aire -- Don dinero -- Un ahorcado
830 0# - PUNTO DE ACCESO ADICIONAL DE SERIE-TÍTULO UNIFORME
Título uniforme Obras literarias de Julio Nombela ;
Designación de volumen o secuencia 1
9 (RLIN) 192120
852 ## - LOCALIZACIÓN
Ubicación ES-MaACL
Número de control de estantería D-4175
Holdings
Estatus retirado Estado de pérdida Estado de daño No para préstamo Biblioteca de origen Biblioteca actual Ubicación en estantería Fecha de adquisición Fuente de adquisición Total de préstamos Signatura topográfica completa Código de barras Visto por última vez Precio de reemplazo Tipo de ítem Koha
        Biblioteca del Ateneo de Madrid Biblioteca del Ateneo de Madrid Sala Valle Inclán 17/01/2008     D-4175 901118683 23/02/2023 23/02/2023 Libro impreso